000 00310nam a2200121Ia 4500
008 231129s9999||||xx |||||||||||||| ||spa||
040 _bspa
082 _a(i) 808.068543 M385n
100 _aMartinez Sanchez Jose
245 0 _aEl niƱo que se atrevio a volar
264 _aEdilux Ediciones
942 _2ddc
_cBKS
999 _c11869
_d11869